| 000 | 00790nam a2200205 a 4500 | ||
|---|---|---|---|
| 008 | 060814s2004 ||||||||||||||||| || u | ||
| 050 | _aISS(05)SR/04 | ||
| 100 | _aDersso, A. Solomon | ||
| 245 | 1 | 0 | _aEthiopian-Eritrean relations |
| 246 | _areading the balance sheet | ||
| 260 |
_aPretoria _bInstitute for Security Studies _c2004 |
||
| 300 | _a13p. | ||
| 350 | _a0.00 | ||
| 490 | _aInstitute for Security Studies , Situation Report | ||
| 650 | _aERITREA--FOREIGN RELATIONS | ||
| 650 | _aETHIOPIA -- FOREIGN RELATIONS | ||
| 650 | _aINTERNATIONAL RELATIONS--ETHIOPIA | ||
| 650 | _aINTERNATIONAL RELATIONS--ERITREA | ||
| 995 |
_D0.00 _FCBU-MAIN LIBRARY (Kitwe) _H1 _I0.00 _M1 _UAVAILABLE _WAug 14, 2006 _ZInternational Publications |
||
| 999 |
_c42534 _d42534 |
||